Duae orationes historicae, De duplici divinae gratiae fundamento, cui Borussia Academia, ante centum annos gratiose per potentem & coelestem Dei directionem super-structa est, publice in magna literatorum frequentia in jubilea Borussicae academiae solennitate (Запись № 10241363)
[ простой вид ]
| 000 -МАРКЕР | |
|---|---|
| контрольное поле | 01959nam0a2200337 4500 |
| 001 - ИДЕНТИФИКАТОР ЗАПИСИ | |
| контрольное поле | RU\NLR\BIBL_A\010820410 |
| 005 - ИДЕНТИФИКАТОР ВЕРСИИ | |
| контрольное поле | 20260406110204.0 |
| 035 ## - ДРУГИЕ СИСТЕМНЫЕ НОМЕРА | |
| Идентификатор записи | (NLR Aleph) 010820410 |
| 100 ## - ДАННЫЕ ОБЩЕЙ ОБРАБОТКИ | |
| Данные общей обработки | 20150817d1644 |||y0rusy50 ca |
| 101 0# - ЯЗЫК РЕСУРСА | |
| Язык текста, звукозаписи и т.д. | латинский |
| 102 ## - СТРАНА ПУБЛИКАЦИИ ИЛИ ПРОИЗВОДСТВА | |
| Страна публикации | российская федерация |
| 200 1# - ЗАГЛАВИЕ И СВЕДЕНИЯ ОБ ОТВЕТСТВЕННОСТИ | |
| Основное заглавие | Duae orationes historicae, De duplici divinae gratiae fundamento, cui Borussia Academia, ante centum annos gratiose per potentem & coelestem Dei directionem super-structa est, publice in magna literatorum frequentia in jubilea Borussicae academiae solennitate |
| Первые сведения об ответственности | habitae a Johanne Behm SS. Th. D. ... |
| 210 ## - ПУБЛИКАЦИЯ, РАСПРОСТРАНЕНИЕ И ДР. | |
| Место издания, распространения и т.д. | Regiomonti [Kaliningrad] |
| Имя издателя, распространителя и т. д. | typis Johannes Reusneri |
| Дата издания, распространения и т.д. | 1644 |
| 215 ## - ФИЗИЧЕСКАЯ ХАРАКТЕРИСТИКА | |
| Специфическое обозначение материала и объем | [36] л. |
| Размеры | 4° (19 см) |
| 307 ## - ПРИМЕЧАНИЯ, ОТНОСЯЩИЕСЯ К ФИЗИЧЕСКОМУ ОПИСАНИЮ | |
| Текст примечания | Грав. инициалы. Заставки |
| 316 ## - ПРИМЕЧАНИЯ ОБ ОСОБЕННОСТЯХ ЭКЗЕМПЛЯРА | |
| Текст примечания | Экз. деф.: нет конца кн. Рукоп. пометы. Пометы, характер. для б-ки Залуских. Припл. к: Bielawski F. Primus homo Thomisticus ... - Crac. [Kraków], 1642 |
| Организация и экземпляр, к которому относится поле | 15.8.3.203c |
| 482 #0 - ПРИПЛЕТЕНО К | |
| Встроенное поле | 001RU\NLR\BIBL_A\010815849 |
| -- | 2001#$aPrimus homo Thomisticus, e paradyso angelici doctoris expositus in comitiis provincialibus Petricovień.$fA r[evere]ndo P.F. Fabiano Bielawski, S. Th. lectore, ac in studio generali Cracowien. primario philosoph. Professore Odd. Praedic. |
| -- | 700#1$6z01790$aBielawski$bF.$gFabian$4070 |
| 517 1# - ДРУГИЕ ВАРИАНТЫ ЗАГЛАВИЯ | |
| Вариант заглавия | De duplici divinae gratiae fundamento |
| 620 ## - МЕСТО И ДАТА ПУБЛИКАЦИИ, ИСПОЛНЕНИЯ И Т. Д. | |
| Город | Kaliningrad |
| 700 #1 - ИМЯ ЛИЦА - ПЕРВИЧНАЯ ОТВЕТСТВЕННОСТЬ | |
| Связь между полями | z01790 |
| Начальный элемент ввода | Behm |
| Часть имени, кроме начального элемента ввода | J. |
| Даты | 1578-1648 |
| Расширение инициалов личного имени | Johann |
| Код отношения | Автор |
| 702 #1 - ИМЯ ЛИЦА - ВТОРИЧНАЯ ОТВЕТСТВЕННОСТЬ | |
| Связь между полями | z02790 |
| Начальный элемент ввода | Reusner |
| Часть имени, кроме начального элемента ввода | J. |
| Даты | 1598-1666 |
| Расширение инициалов личного имени | Johann |
| Код отношения | Печатник (типограф) |
| 702 #1 - ИМЯ ЛИЦА - ВТОРИЧНАЯ ОТВЕТСТВЕННОСТЬ | |
| Код отношения | Бывший владелец |
| Материалы, к которым относится поле | pol |
| Графика поля | Латинская |
| Начальный элемент ввода | Załuski |
| Часть имени, кроме начального элемента ввода | J. A. |
| Даты | 1702-1774 |
| Расширение инициалов личного имени | Józef Andrzej |
| Идентификатор авторитетной/нормативной записи | RU\NLR\AUTH\77107720 |
| Системный номер авторитетной/нормативной записи | 90645 |
| 790 #1 - ИМЯ ЛИЦА - АЛЬТЕРНАТИВНАЯ ФОРМА | |
| Связь между полями | z01700 |
| Начальный элемент ввода | Behm |
| Расширение инициалов личного имени | Johannes |
| Код отношения | Автор |
| 790 #1 - ИМЯ ЛИЦА - АЛЬТЕРНАТИВНАЯ ФОРМА | |
| Связь между полями | z02702 |
| Начальный элемент ввода | Reusnerus |
| Расширение инициалов личного имени | Johannes |
| Код отношения | Печатник (типограф) |
| 852 ## - МЕСТОНАХОЖДЕНИЕ И ШИФР ХРАНЕНИЯ | |
| Идентификатор организации | NLR |
| Шифр хранения (Call Number) | 15.8.3.203c |
| 942 ## - ДОПОЛНИТЕЛЬНЫЕ ЭЛЕМЕНТЫ ЗАПИСИ (АБИС) | |
| Тип экземпляра АБИС | Книга |
| 980 ## - КОЛЛЕКЦИЯ | |
| Название коллекции | Национальная библиография |
| 980 ## - КОЛЛЕКЦИЯ | |
| Название коллекции | Иностранная рекаталогизация: 17-19 век |
Нет доступных экземпляров.